Los límites de la inversión extranjera directa (IED) como fuente de ideas para el crecimiento de las economías en desarrollo /
Furkejuvvon:
| Váldodahkki: | |
|---|---|
| Materiálatiipa: | Texto |
| Fáttát: | |
| Fáddágilkorat: |
Lasit fáddágilkoriid
Eai fáddágilkorat, Lasit vuosttaš fáddágilkora!
|
MARC
| LEADER | 00000 a a2200000 04500 | ||
|---|---|---|---|
| 001 | 42479 | ||
| 003 | |||
| 040 | |||
| 100 | |a Durand, Cédric | ||
| 245 | |a Los límites de la inversión extranjera directa (IED) como fuente de ideas para el crecimiento de las economías en desarrollo / |c Cédric Durand | ||
| 650 | |a INVERSIONES EXTRANJERAS | ||
| 650 | |a PRODUCTIVIDAD | ||
| 650 | |a CRECIMIENTO ECONOMICO | ||
| 650 | |a EMPRESAS TRANSNACIONALES | ||
| 773 | |g volumen36, número140 (2005), páginas 11-41 | ||
| 999 | |c 24703 |d 24703 | ||
